| 000 | 01738nas a2200289 i 4500 | ||
|---|---|---|---|
| 003 | DO-SdBNP | ||
| 005 | 20251217114051.0 | ||
| 007 | ta | ||
| 008 | 251118e1966 dr dn|per||||||0| |0spa d | ||
| 040 |
_aDO-SdBNP _bspa _cBNPHU _erda |
||
| 041 | _aspa | ||
| 100 |
_aCorripio Estrada, José Luis _979976 _efundador |
||
| 245 |
_aPeriódico El Nacional / _cdirigido: Bolívar Díaz Díaz Gómez. |
||
| 264 |
_aSanto Domingo, República Dominicana : _bGrupo de Comunicaciones Corripio, _c1966-. |
||
| 300 |
_avolumen : _bilustraciones, fotografías, mapas ; _c27.5 cm. |
||
| 310 | _aDiaria. | ||
| 336 |
_atexto _btxt _2rdacontent |
||
| 337 |
_asin mediación _bn _2rdamedia |
||
| 338 |
_avolumen _bnc _2rdacarrier |
||
| 362 | _aAño 1, No. 1, | ||
| 500 | _aEl periódico El Nacional cumplió sus 59 años exhibiendo una larga historia de servicios a la sociedad, mediante el ejercicio de un periodismo responsable, ético y veraz. | ||
| 520 | _aEl Nacional, el cual pertenece al Grupo de Comunicaciones Corripio, jugó un papel significativo durante el período político entre 1966 y 1978, época en donde el periódico, a través de sus análisis oportunos y con los inteligentes y vibrantes editoriales, logró llevar a niveles de equilibrio a la sociedad de entonces, levantando un muro de contención ante la violencia, las muertes, las desapariciones, los encarcelamientos arbitrarios y la purga que desde el Norte imperial se dirigió contra revolucionarios de izquierda. | ||
| 650 | 0 |
_aAspectos culturales _vPublicaciones periódicas _zRepública Dominicana _963980 |
|
| 650 | 0 |
_aDiarios dominicanos _xHistoria _vPublicaciones periódicas _91041 |
|
| 700 |
_aDíaz Díaz Gómez, Bolívar _988821 _edirector |
||
| 942 |
_2ddc _cISSUE |
||
| 999 |
_c60055 _d60055 |
||